| 000 | 02341nam0a22003371 4500 | ||
|---|---|---|---|
| 001 | rc\4011463 | ||
| 005 | 20130415125926.4 | ||
| 021 |
_aRU _b[56-57997] |
||
| 035 | _a(NLR Aleph) 008080038 | ||
| 090 |
_a9117652 _c9117652 |
||
| 100 | _a20130415d1956 |||y0rusy50 ca | ||
| 101 | 0 | _arus | |
| 102 | _aRU | ||
| 105 | _aa z ||||| | ||
| 200 | 1 |
_aПатроны для установки конических шестерен при шлифовании базовых поверхностей _fАкад. наук СССР. Ин-т техн.-экон. информации |
|
| 210 |
_aМосква _cБ. и. _d1956 |
||
| 215 |
_a16 с. _cчерт. _d22 |
||
| 225 | 1 |
_aПередовой производственно-технический опыт _hСерия 12 _iШлифовальные, полировочные и доводочные работы _v[№ Т-56-352/11] |
|
| 300 | _aАвт. указаны перед загл. статей | ||
| 327 | 0 | _aНа тит. л., кроме 1-й статьи, указаны: Приспособление для шлифования валов с неразъемной шпонкой / [М.З. Туревский]. Обработка радиусных внутренних фасок в чугунных втулках / [С.И. Шапиро]. Приспособление для шлифования резьбовых резцов / [Инж. Т.И. Краснянская] | |
| 464 | 0 |
_12001#$aПриспособление для шлифования резьбовых резцов$f[Инж. Т.И. Краснянская] _1700#1$aКраснянская$bТ.И. |
|
| 464 | 0 |
_12001#$aПриспособление для шлифования валов с неразъемной шпонкой$f[М.З. Туревский] _1700#1$aТуревский$bМ.З. |
|
| 464 | 0 |
_12001#$aОбработка радиусных внутренних фасок в чугунных втулках$f[С.И. Шапиро] _1700#1$aШапиро$bС.И. |
|
| 606 |
_aШлифовальные станки _xПриспособления _2psbo |
||
| 606 |
_aШлифование металлов _2psbo |
||
| 700 | 1 |
_aКалашников _bС. Н. _gСергей Никифорович |
|
| 801 | 0 |
_aRU _bNLR _gpsbo |
|
| 801 | 1 |
_aRU _bELAR _2rusmarc |
|
| 852 |
_aNLR _jП10/1493 |
||
| 942 | _cBOOK | ||
| 980 | _aNB | ||